PUCV research: people and chronicles
Збережено в:
| Автор: | |
|---|---|
| Формат: | Книга |
| Мова: | Англійська |
| Опубліковано: |
Valparaíso
Pontifica Universidad Católica de Valparaíso
2013
|
| Редагування: | 1a. ed |
| Предмети: | |
| Теги: |
Додати тег
Немає тегів, Будьте першим, хто поставить тег для цього запису!
|
MARC
| LEADER | 00000cam a2200000 a 4500 | ||
|---|---|---|---|
| 001 | UCC0146 | ||
| 003 | CL-VaPUC | ||
| 008 | 170721e20130000cl |||||||||||||||||eng|d | ||
| 082 | 0 | 4 | |a 378.007 |b ABA |2 21 |
| 100 | 0 | |a Abarca Lobos, Claudio |e author |9 594078 | |
| 245 | 1 | 0 | |a PUCV research: people and chronicles |
| 250 | |a 1a. ed | ||
| 300 | |a 75 p | ||
| 942 | |c BK | ||
| 945 | |d 20170721 23:47:00 |a arojas | ||
| 260 | |a Valparaíso |b Pontifica Universidad Católica de Valparaíso |c 2013 | ||
| 650 | 0 | |a Educación superior |9 223851 | |
| 650 | 0 | |a Universidades chilenas |9 407335 | |
| 650 | 0 | |a Investigación científica |9 259857 | |
| 583 | |a last modification |c 20170721 23:47:00 |k Rodrigo Vera | ||
| 999 | |c 369081 |d 369079 | ||
| 952 | |0 0 |1 0 |3 erb |4 0 |6 378_007000000000000_ABA_2013 |7 0 |8 X |9 484629 |a FDOBUD |b FDOBUD |i 5407818 |o 378.007 ABA 2013 |p 5407818 |r 2019-11-24 |w 2019-11-24 |y BK_X |z Catalogado en:20170721 |k FHP | ||